[Event "POL-chT 2 Liga 2019"]
[Site "Poronin"]
[Date "2019.09.07"]
[Round "1.30"]
[White "Swiech, Joanna"]
[Black "Jalowiec, Halina"]
[Result "1/2-1/2"]
[WhiteElo "2055"]
[BlackElo "1842"]
[Annotator "NA"]
[PlyCount "85"]
[EventDate "2019.09.07"]
[EventType "team-tourn"]
[EventCountry "POL"]
[SourceTitle "playchess.com"]
[Source "ChessBase"]
[SourceQuality "1"]
[TimeControl "40/5400+30:1800+30"]

1. d4 {[%emt 0:00:00]} d6 {[%emt 0:00:00]} 2. c4 {[%emt 0:00:00]} e5 {[%emt 0:00:00]} 3. d5 {[%emt 0:00:12]} f5 {[%emt 0:00:21]} 4. Nc3 {[%emt 0:00:31]} Nf6 {[%emt 0:00:23]} 5. Qc2 {[%emt 0:01:22]} Be7 {[%emt 0:00:43]} 6. e4 {[%emt 0:01:41]} fxe4 {[%emt 0:09:32]} 7. Nxe4 {[%emt 0:00:09]} O-O {[%emt 0:00:51]} 8. Bd3 {[%emt 0:01:11]} h6 {[%emt 0:02:04]} 9. Ne2 {[%emt 0:03:19]} Na6 {[%emt 0:00:57]} 10. Bd2 {[%emt 0:06:53]} Nxe4 {[%emt 0:05:16]} 11. Bxe4 {[%emt 0:00:10]} Bg5 {[%emt 0:00:39]} 12. Ng3 {[%emt 0:05:01]} Bxd2+ {[%emt 0:04:49]} 13. Qxd2 {[%emt 0:00:26]} Nc5 {[%emt 0:00:38]} 14. Bb1 {[%emt 0:04:37]} a5 {[%emt 0:04:21]} 15. Qc2 {[%emt 0:08:45]} e4 {[%emt 0:07:59]} 16. O-O {[%emt 0:01:53]} Qh4 {[%emt 0:04:18]} 17. f3 {[%emt 0:05:59]} Bf5 {[%emt 0:07:28]} 18. Qc3 {[%emt 0:39:09]} b6 {[%emt 0:06:20]} 19. Bc2 {[%emt 0:11:11]} Rae8 {[%emt 0:04:40]} 20. a3 {[%emt 0:01:37]} Re5 {[%emt 0:12:50]} 21. b4 {[%emt 0:00:51]} axb4 {[%emt 0:00:19]} 22. axb4 {[%emt 0:00:05]} Nd7 {[%emt 0:03:44]} 23. fxe4 {[%emt 0:01:17]} Bg6 {[%emt 0:01:15]} 24. Rxf8+ {[%emt 0:00:11]} Nxf8 {[%emt 0:00:56]} 25. Qe3 {[%emt 0:01:56]} Qe7 {[%emt 0:02:02]} 26. Qf3 {[%emt 0:00:31]} Nd7 {[%emt 0:00:45]} 27. Re1 {[%emt 0:03:27]} Nf6 {[%emt 0:00:43]} 28. Bd3 {[%emt 0:00:33]} h5 {[%emt 0:00:27]} 29. Re2 {[%emt 0:00:29]} h4 {[%emt 0:02:14]} 30. Nf5 {[%emt 0:00:07]} Bxf5 {[%emt 0:00:11]} 31. exf5 {[%emt 0:00:07]} Rxe2 {[%emt 0:00:35]} 32. Qxe2 {[%emt 0:00:12]} Qxe2 {[%emt 0:03:08]} 33. Bxe2 {[%emt 0:00:05]} Ne4 {[%emt 0:04:03]} 34. Bd3 {[%emt 0:00:14]} Ng5 {[%emt 0:02:39]} 35. Kf2 {[%emt 0:00:44]} Kf7 {[%emt 0:00:30]} 36. Ke3 {[%emt 0:00:37]} Kf6 {[%emt 0:00:26]} 37. Kf4 {[%emt 0:00:19]} Nf7 {[%emt 0:00:14]} 38. Be2 {[%emt 0:02:07]} Ne5 {[%emt 0:00:31]} 39. g4 {[%emt 0:00:43]} hxg3 {[%emt 0:01:12]} 40. hxg3 {[%emt 0:00:00]} Nf7 {[%emt 0:00:00]} 41. g4 {[%emt 0:04:42]} Ng5 {[%emt 0:02:10]} 42. Bf1 {[%emt 0:00:53]} Nf7 {[%emt 0:00:11]} 43. Be2 {[%emt 0:00:08]} 1/2-1/2

[Event "POL-chT 2 Liga 2019"]
[Site "Poronin"]
[Date "2019.09.07"]
[Round "1.31"]
[White "Marszalek, Maciej"]
[Black "Niekras, Dawid"]
[Result "1/2-1/2"]
[WhiteElo "2301"]
[BlackElo "2296"]
[Annotator "ChessBase"]
[PlyCount "96"]
[EventDate "2019.09.07"]
[EventType "team-tourn"]
[EventCountry "POL"]
[SourceTitle "playchess.com"]
[Source "ChessBase"]
[SourceQuality "1"]
[TimeControl "40/5400+30:1800+30"]

1. d4 {[%emt 0:00:00]} Nf6 {[%emt 0:00:00]} 2. c4 {[%emt 0:00:00]} g6 {[%emt 0:00:00]} 3. Nc3 {[%emt 0:00:10]} Bg7 {[%emt 0:00:00]} 4. e4 {[%emt 0:00:10]} d6 {[%emt 0:00:00]} 5. Bd3 {[%emt 0:00:31]} O-O {[%emt 0:00:03]} 6. Nge2 {[%emt 0:00:10]} Nc6 {[%emt 0:00:06]} 7. O-O {[%emt 0:00:18]} e5 {[%emt 0:00:09]} 8. d5 {[%emt 0:00:14]} Nd4 {[%emt 0:00:22]} 9. Nxd4 {[%emt 0:00:55]} exd4 {[%emt 0:00:07]} 10. Ne2 {[%emt 0:00:37]} Re8 {[%emt 0:00:54]} 11. f3 {[%emt 0:01:22]} Nd7 {[%emt 0:00:48]} 12. Rb1 {[%emt 0:01:58]} c5 {[%emt 0:10:13]} 13. f4 {[%emt 0:11:05]} Nf6 {[%emt 0:20:24]} 14. Ng3 {[%emt 0:00:21]} h5 {[%emt 0:11:08]} 15. Re1 {[%emt 0:06:14]} h4 {[%emt 0:11:05]} 16. Nh1 {[%emt 0:01:56]} Ng4 {[%emt 0:02:26]} 17. Nf2 {[%emt 0:03:12]} Ne3 {[%emt 0:02:49]} 18. Qf3 {[%emt 0:08:38]} b5 {[%emt 0:09:42]} 19. Bxe3 {[%emt 0:03:19]} dxe3 {[%emt 0:00:08]} 20. Rxe3 {[%emt 0:00:22]} Qa5 {[%emt 0:08:23]} 21. e5 {[%emt 0:01:59]} bxc4 {[%emt 0:03:06]} 22. Bxc4 {[%emt 0:01:56]} Bf5 {[%emt 0:01:58]} 23. Rbe1 {[%emt 0:01:58]} Rab8 {[%emt 0:03:28]} 24. Qe2 {[%emt 0:01:54]} dxe5 {[%emt 0:04:35]} 25. fxe5 {[%emt 0:03:51]} Bh6 {[%emt 0:00:09]} 26. Rc3 {[%emt 0:03:25]} Bf4 {[%emt 0:01:26]} 27. e6 {[%emt 0:01:01]} fxe6 {[%emt 0:00:25]} 28. dxe6 {[%emt 0:00:23]} Qc7 {[%emt 0:00:50]} 29. h3 {[%emt 0:10:14]} Re7 {[%emt 0:01:46]} 30. Bd3 {[%emt 0:03:13]} Rbe8 {[%emt 0:03:24]} 31. Bxf5 {[%emt 0:00:36]} gxf5 {[%emt 0:00:02]} 32. Qd3 {[%emt 0:06:28]} Rf8 {[%emt 0:04:26]} 33. b4 {[%emt 0:03:48]} Qd8 {[%emt 0:01:14]} 34. bxc5 {[%emt 0:05:55]} Bd2 {[%emt 0:00:32]} 35. Qxd8 {[%emt 0:00:42]} Rxd8 {[%emt 0:00:02]} 36. Rd1 {[%emt 0:00:09]} Rxe6 {[%emt 0:00:32]} 37. Rc2 {[%emt 0:03:59]} Bg5 {[%emt 0:00:41]} 38. Rxd8+ {[%emt 0:00:23]} Bxd8 {[%emt 0:00:02]} 39. Nd3 {[%emt 0:00:59]} Bc7 {[%emt 0:00:54]} 40. Kf2 {[%emt 0:00:00]} Kf7 41. Kf3 {[%emt 0:00:48]} Re4 {[%emt 0:05:52]} 42. Rb2 {[%emt 0:01:14]} Rd4 {[%emt 0:03:35]} 43. Ke3 {[%emt 0:01:01]} Re4+ {[%emt 0:00:09]} 44. Kf2 {[%emt 0:01:17]} Ke6 {[%emt 0:03:58]} 45. Kf3 {[%emt 0:06:10]} Rd4 {[%emt 0:03:49]} 46. Ke3 {[%emt 0:00:35]} Re4+ {[%emt 0:00:05]} 47. Kf3 {[%emt 0:03:08]} Rd4 {[%emt 0:00:05]} 48. Ke3 {[%emt 0:00:27]} Re4+ {[%emt 0:00:09] Kxe4 Ke5+} 1/2-1/2

[Event "POL-chT 2 Liga 2019"]
[Site "Poronin"]
[Date "2019.09.07"]
[Round "1.32"]
[White "Zakrzewski, Marek"]
[Black "Brzeski, Maciej"]
[Result "0-1"]
[WhiteElo "2285"]
[BlackElo "2339"]
[Annotator "ChessBase"]
[PlyCount "124"]
[EventDate "2019.09.07"]
[EventType "team-tourn"]
[EventCountry "POL"]
[SourceTitle "playchess.com"]
[Source "ChessBase"]
[SourceQuality "1"]
[TimeControl "40/5400+30:1800+30"]

1. e4 {[%emt 0:00:00]} c5 {[%emt 0:00:06]} 2. Nf3 {[%emt 0:00:00]} Nc6 {[%emt 0:00:09]} 3. d4 {[%emt 0:00:00]} cxd4 {[%emt 0:00:07]} 4. Nxd4 {[%emt 0:00:01]} e5 {[%emt 0:00:07]} 5. Nb5 {[%emt 0:00:17]} d6 {[%emt 0:00:04]} 6. N1c3 {[%emt 0:00:30]} a6 {[%emt 0:00:03]} 7. Na3 {[%emt 0:00:13]} b5 {[%emt 0:00:03]} 8. Nd5 {[%emt 0:00:13]} Nge7 {[%emt 0:00:11]} 9. c4 {[%emt 0:00:13]} Nd4 {[%emt 0:00:04]} 10. Bd3 {[%emt 0:03:47]} Nxd5 {[%emt 0:07:40]} 11. cxd5 {[%emt 0:00:16]} Be7 {[%emt 0:06:00]} 12. O-O {[%emt 0:00:56]} f5 {[%emt 0:16:21]} 13. exf5 {[%emt 0:08:06]} Nxf5 {[%emt 0:03:17]} 14. Nc2 {[%emt 0:08:26]} O-O {[%emt 0:01:19]} 15. a4 {[%emt 0:13:58]} bxa4 {[%emt 0:17:27]} 16. Rxa4 {[%emt 0:01:42]} a5 {[%emt 0:05:31]} 17. Nb4 {[%emt 0:30:20]} Bd7 {[%emt 0:04:12]} 18. Nc6 {[%emt 0:00:10]} Bxc6 {[%emt 0:00:06]} 19. dxc6 {[%emt 0:00:06]} d5 {[%emt 0:00:07]} 20. Bxf5 {[%emt 0:04:24]} Rxf5 {[%emt 0:00:04]} 21. Qc2 {[%emt 0:00:08]} Rf8 {[%emt 0:07:55]} 22. c7 {[%emt 0:06:10]} Qd7 {[%emt 0:03:22]} 23. Bd2 {[%emt 0:00:16]} Bd6 {[%emt 0:01:47]} 24. Rc1 {[%emt 0:03:33]} Bxc7 {[%emt 0:03:38]} 25. Rh4 {[%emt 0:00:30]} g5 {[%emt 0:00:12]} 26. Bxg5 {[%emt 0:04:24]} Bb6 {[%emt 0:00:03]} 27. Rf1 {[%emt 0:02:01]} Rxf2 {[%emt 0:06:20]} 28. Rxf2 {[%emt 0:00:17]} Rf8 {[%emt 0:00:03]} 29. Bf4 {[%emt 0:02:10]} Rxf4 {[%emt 0:07:45]} 30. Rhxf4 {[%emt 0:00:27]} exf4 {[%emt 0:00:03]} 31. Kf1 {[%emt 0:00:30]} Bxf2 {[%emt 0:00:06]} 32. Kxf2 {[%emt 0:01:17]} d4 {[%emt 0:01:07]} 33. Qe4 {[%emt 0:04:02]} Qd6 {[%emt 0:04:38]} 34. Qa8+ {[%emt 0:01:36]} Kg7 {[%emt 0:00:57]} 35. Qxa5 {[%emt 0:00:08]} d3 {[%emt 0:00:51]} 36. Qg5+ {[%emt 0:03:54]} Kh8 {[%emt 0:00:58]} 37. Qh5 {[%emt 0:02:06]} d2 {[%emt 0:00:43]} 38. Qd1 {[%emt 0:00:08]} Qd4+ {[%emt 0:01:48]} 39. Ke2 {[%emt 0:00:12]} Qe3+ {[%emt 0:00:21]} 40. Kf1 {[%emt 0:00:00]} Qd3+ {[%emt 0:00:00]} 41. Kf2 {[%emt 0:00:46]} Qe3+ {[%emt 0:06:42]} 42. Kf1 {[%emt 0:00:07]} Kg7 {[%emt 0:01:29]} 43. b4 {[%emt 0:19:09]} Kf6 {[%emt 0:01:38]} 44. b5 {[%emt 0:00:55]} Ke5 {[%emt 0:00:56]} 45. b6 {[%emt 0:00:28]} Qd3+ {[%emt 0:01:37]} 46. Kf2 {[%emt 0:00:32]} Kd6 {[%emt 0:00:24]} 47. h4 {[%emt 0:04:37]} h5 {[%emt 0:02:24]} 48. Kg1 {[%emt 0:01:47]} Kc6 {[%emt 0:01:27]} 49. Qa4+ {[%emt 0:00:08]} Kxb6 {[%emt 0:00:06]} 50. Qd1 {[%emt 0:02:17]} Kc7 {[%emt 0:03:28]} 51. Kf2 {[%emt 0:00:13]} Qe3+ {[%emt 0:00:42]} 52. Kf1 {[%emt 0:00:05]} Kd6 {[%emt 0:01:33]} 53. Qe2 {[%emt 0:00:14]} Ke7 {[%emt 0:05:50]} 54. Qd1 {[%emt 0:00:38]} Kf6 {[%emt 0:03:49]} 55. Qe2 {[%emt 0:01:25]} Qd4 {[%emt 0:01:09]} 56. Qd1 {[%emt 0:05:03]} Qd3+ {[%emt 0:04:13]} 57. Kf2 {[%emt 0:00:06]} Kg6 {[%emt 0:00:47]} 58. Kg1 {[%emt 0:00:24]} Kf5 {[%emt 0:02:02]} 59. Qxh5+ {[%emt 0:01:11]} Ke4 {[%emt 0:00:05]} 60. Qd1 {[%emt 0:00:26]} f3 {[%emt 0:00:58]} 61. gxf3+ {[%emt 0:01:55]} Ke3 {[%emt 0:00:15]} 62. h5 {[%emt 0:00:12]} Qc4 0-1

[Event "POL-chT 2 Liga 2019"]
[Site "Poronin"]
[Date "2019.09.07"]
[Round "1.33"]
[White "Jaskolka, Tomasz"]
[Black "Bajerlein, Dawid"]
[Result "1-0"]
[WhiteElo "2236"]
[BlackElo "2035"]
[Annotator "ChessBase"]
[PlyCount "67"]
[EventDate "2019.09.07"]
[EventType "team-tourn"]
[EventCountry "POL"]
[SourceTitle "playchess.com"]
[Source "ChessBase"]
[SourceQuality "1"]
[TimeControl "40/5400+30:1800+30"]

1. d4 {[%emt 0:00:00]} Nf6 {[%emt 0:00:00]} 2. Bf4 {[%emt 0:00:00]} g6 {[%emt 0:00:00]} 3. Nc3 {[%emt 0:00:00]} d5 {[%emt 0:00:00]} 4. e3 {[%emt 0:00:00]} Bg7 {[%emt 0:00:10]} 5. h4 {[%emt 0:00:00]} O-O {[%emt 0:01:16]} 6. h5 {[%emt 0:00:44]} c5 {[%emt 0:00:26]} 7. hxg6 {[%emt 0:01:04]} hxg6 {[%emt 0:00:09]} 8. Nf3 {[%emt 0:15:58]} Nc6 {[%emt 0:04:01]} 9. Ne5 {[%emt 0:16:43]} cxd4 {[%emt 0:14:18]} 10. Nxc6 {[%emt 0:07:08]} bxc6 {[%emt 0:00:38]} 11. exd4 {[%emt 0:00:03]} c5 {[%emt 0:19:12]} 12. dxc5 {[%emt 0:10:26]} e5 {[%emt 0:26:30]} 13. Bg5 {[%emt 0:15:11]} Qa5 {[%emt 0:09:11]} 14. Qd2 {[%emt 0:14:11]} Rd8 {[%emt 0:01:17]} 15. Ne4 {[%emt 0:04:02]} Qxd2+ {[%emt 0:00:04]} 16. Nxd2 {[%emt 0:00:03]} Bf5 {[%emt 0:02:28]} 17. Ba6 {[%emt 0:01:23]} Bxc2 {[%emt 0:05:46]} 18. Bb7 {[%emt 0:06:54]} Rab8 {[%emt 0:00:03]} 19. c6 {[%emt 0:00:09]} Re8 {[%emt 0:00:38]} 20. Bxf6 {[%emt 0:01:29]} Bxf6 {[%emt 0:00:04]} 21. g4 {[%emt 0:00:04]} d4 {[%emt 0:02:50]} 22. Rc1 {[%emt 0:01:55]} d3 {[%emt 0:00:01]} 23. Ne4 {[%emt 0:00:55]} Be7 {[%emt 0:00:49]} 24. Kd2 {[%emt 0:00:13]} f5 {[%emt 0:07:09]} 25. gxf5 {[%emt 0:00:03]} gxf5 {[%emt 0:00:04]} 26. Rcg1+ {[%emt 0:00:22]} Kf7 {[%emt 0:00:02]} 27. Rh7+ {[%emt 0:00:22]} Ke6 {[%emt 0:00:02]} 28. Rg6+ {[%emt 0:00:26]} Kd5 {[%emt 0:00:14]} 29. Rxe7 {[%emt 0:00:28]} Rxe7 {[%emt 0:01:14]} 30. c7+ {[%emt 0:00:03]} Rxb7 {[%emt 0:00:05]} 31. c8=Q {[%emt 0:00:04]} Kxe4 {[%emt 0:01:30]} 32. Qc6+ {[%emt 0:00:49]} Kf4 {[%emt 0:00:09]} 33. Rg3 {[%emt 0:00:27]} e4 {[%emt 0:02:30]} 34. Qd6+ {[%emt 0:00:07]} 1-0

[Event "POL-chT 2 Liga 2019"]
[Site "Poronin"]
[Date "2019.09.07"]
[Round "1.34"]
[White "Hemmerling, Jaroslaw"]
[Black "Lukasiewicz, Grzegorz"]
[Result "1/2-1/2"]
[WhiteElo "1910"]
[BlackElo "2164"]
[Annotator "ChessBase"]
[PlyCount "69"]
[EventDate "2019.09.07"]
[EventType "team-tourn"]
[EventCountry "POL"]
[SourceTitle "playchess.com"]
[Source "ChessBase"]
[SourceQuality "1"]
[TimeControl "40/5400+30:1800+30"]

1. d4 {[%emt 0:00:00]} d5 {[%emt 0:00:00]} 2. c4 {[%emt 0:00:00]} c6 {[%emt 0:00:00]} 3. e3 {[%emt 0:00:05]} e6 {[%emt 0:01:48]} 4. Nc3 {[%emt 0:00:17]} f5 {[%emt 0:00:42]} 5. Bd3 {[%emt 0:05:24]} Nf6 {[%emt 0:01:20]} 6. Qc2 {[%emt 0:00:39]} Be7 {[%emt 0:13:21]} 7. cxd5 {[%emt 0:30:47]} cxd5 {[%emt 0:07:01]} 8. Nge2 {[%emt 0:04:32]} O-O {[%emt 0:00:20]} 9. O-O {[%emt 0:03:11]} Nc6 {[%emt 0:00:49]} 10. a3 Bd6 {[%emt 0:04:02]} 11. f4 {[%emt 0:02:02]} Bd7 {[%emt 0:08:15]} 12. Bd2 {[%emt 0:00:13]} Rc8 {[%emt 0:05:48]} 13. b4 {[%emt 0:01:41]} Ne4 {[%emt 0:03:32]} 14. Be1 {[%emt 0:08:01]} Qe7 {[%emt 0:07:45]} 15. Qb3 {[%emt 0:01:19]} Kh8 {[%emt 0:01:12]} 16. Na4 {[%emt 0:14:44]} b6 {[%emt 0:06:41]} 17. Ba6 {[%emt 0:07:01]} Rc7 {[%emt 0:08:47]} 18. Nac3 {[%emt 0:00:02]} Nb8 {[%emt 0:00:18]} 19. Bd3 {[%emt 0:00:52]} a6 {[%emt 0:09:20]} 20. a4 {[%emt 0:10:30]} Rfc8 {[%emt 0:01:58]} 21. b5 {[%emt 0:00:44]} a5 {[%emt 0:00:30]} 22. Bxe4 {[%emt 0:00:37]} dxe4 {[%emt 0:03:47]} 23. Bd2 {[%emt 0:00:52]} Be8 {[%emt 0:04:19]} 24. Rac1 {[%emt 0:01:13]} Ba3 {[%emt 0:01:21]} 25. Ra1 {[%emt 0:00:03]} Bb4 {[%emt 0:00:10]} 26. Rac1 {[%emt 0:00:02]} Nd7 {[%emt 0:00:38]} 27. Nb1 {[%emt 0:00:14]} Bd6 {[%emt 0:00:17]} 28. Rxc7 {[%emt 0:00:25]} Rxc7 {[%emt 0:00:11]} 29. Rc1 {[%emt 0:00:06]} Nf6 {[%emt 0:01:20]} 30. Rxc7 {[%emt 0:05:06]} Bxc7 {[%emt 0:02:24]} 31. Na3 {[%emt 0:03:07]} Nd5 {[%emt 0:01:05]} 32. Nc4 {[%emt 0:00:08]} g5 {[%emt 0:00:28]} 33. Ne5 {[%emt 0:00:47]} gxf4 {[%emt 0:05:21]} 34. Nxf4 {[%emt 0:00:08]} Bf7 {[%emt 0:01:06]} 35. Qc4 {[%emt 0:01:07]} 1/2-1/2

[Event "POL-chT 2 Liga 2019"]
[Site "Poronin"]
[Date "2019.09.07"]
[Round "1.35"]
[White "Pulik, Krzysztof"]
[Black "Bernat, Marcin"]
[Result "1-0"]
[WhiteElo "2131"]
[BlackElo "2023"]
[Annotator "ChessBase"]
[PlyCount "29"]
[EventDate "2019.09.07"]
[EventType "team-tourn"]
[EventCountry "POL"]
[SourceTitle "playchess.com"]
[Source "ChessBase"]
[SourceQuality "1"]
[TimeControl "40/5400+30:1800+30"]

1. e4 {[%emt 0:00:00]} e6 {[%emt 0:00:00]} 2. d4 {[%emt 0:00:00]} d5 {[%emt 0:00:00]} 3. Nd2 {[%emt 0:00:00]} dxe4 {[%emt 0:00:47]} 4. Nxe4 {[%emt 0:00:00]} Nd7 {[%emt 0:00:05]} 5. Nf3 {[%emt 0:00:53]} Ngf6 {[%emt 0:00:09]} 6. Bd3 {[%emt 0:00:46]} Nxe4 {[%emt 0:01:16]} 7. Bxe4 {[%emt 0:00:05]} Nf6 {[%emt 0:00:09]} 8. Bd3 {[%emt 0:00:06]} c5 {[%emt 0:01:32]} 9. Be3 {[%emt 0:02:26]} Nd5 {[%emt 0:02:00]} 10. O-O {[%emt 0:02:05]} Nxe3 {[%emt 0:07:08]} 11. fxe3 {[%emt 0:03:37]} cxd4 {[%emt 0:00:18]} 12. Ne5 {[%emt 0:02:38]} Qd5 {[%emt 0:18:32]} 13. Nxf7 {[%emt 0:01:25]} Bd6 {[%emt 0:11:57]} 14. e4 {[%emt 0:02:34]} Qc5 {[%emt 0:01:33]} 15. Nxh8 {[%emt 0:00:16]} 1-0

[Event "POL-chT 2 Liga 2019"]
[Site "Poronin"]
[Date "2019.09.07"]
[Round "1.36"]
[White "Kupsik, Joanna"]
[Black "Lukasiewicz, Anna"]
[Result "0-1"]
[WhiteElo "1732"]
[BlackElo "2075"]
[Annotator "NA"]
[PlyCount "78"]
[EventDate "2019.09.07"]
[EventType "team-tourn"]
[EventCountry "POL"]
[SourceTitle "playchess.com"]
[Source "ChessBase"]
[SourceQuality "1"]
[TimeControl "40/5400+30:1800+30"]

1. e4 {[%emt 0:00:00]} c5 {[%emt 0:00:11]} 2. Nf3 {[%emt 0:00:00]} Nc6 {[%emt 0:00:13]} 3. d4 {[%emt 0:00:00]} cxd4 {[%emt 0:00:14]} 4. Nxd4 {[%emt 0:00:06]} g6 {[%emt 0:00:33]} 5. Nc3 {[%emt 0:00:36]} Bg7 {[%emt 0:00:30]} 6. Be3 {[%emt 0:00:34]} Nf6 {[%emt 0:00:54]} 7. Bc4 {[%emt 0:00:48]} O-O {[%emt 0:00:29]} 8. Bb3 {[%emt 0:00:32]} d6 {[%emt 0:00:42]} 9. O-O {[%emt 0:01:37]} Ng4 {[%emt 0:03:05]} 10. Nxc6 {[%emt 0:04:02]} bxc6 {[%emt 0:05:49]} 11. Bf4 {[%emt 0:02:10]} a5 {[%emt 0:08:58]} 12. Qd2 {[%emt 0:05:39]} Ba6 {[%emt 0:05:16]} 13. Rfe1 {[%emt 0:01:03]} Qc7 {[%emt 0:03:24]} 14. Rad1 {[%emt 0:03:04]} Ne5 {[%emt 0:17:28]} 15. Bh6 {[%emt 0:08:29]} Qa7 {[%emt 0:04:45]} 16. Be3 {[%emt 0:08:24]} c5 {[%emt 0:05:41]} 17. Nd5 {[%emt 0:15:39]} Bb5 {[%emt 0:03:11]} 18. Nc3 {[%emt 0:16:12]} Bc6 {[%emt 0:03:36]} 19. Bh6 {[%emt 0:02:13]} a4 {[%emt 0:15:26]} 20. Bxg7 {[%emt 0:00:56]} Kxg7 {[%emt 0:00:10]} 21. Bd5 {[%emt 0:00:09]} Bxd5 {[%emt 0:01:06]} 22. Qxd5 {[%emt 0:00:54]} Qa5 {[%emt 0:02:16]} 23. f4 {[%emt 0:03:03]} e6 {[%emt 0:03:14]} 24. Qxd6 {[%emt 0:02:28]} Nc4 {[%emt 0:00:11]} 25. Qe7 {[%emt 0:06:22]} Nxb2 {[%emt 0:01:01]} 26. Nd5 {[%emt 0:00:49]} exd5 {[%emt 0:01:55]} 27. Qe5+ {[%emt 0:00:07]} Kg8 {[%emt 0:00:07]} 28. Qxb2 {[%emt 0:00:08]} d4 {[%emt 0:06:05]} 29. Re2 {[%emt 0:01:48]} a3 {[%emt 0:00:38]} 30. Qa1 {[%emt 0:02:27]} Rab8 {[%emt 0:00:51]} 31. Rd3 {[%emt 0:00:54]} Rb2 {[%emt 0:00:36]} 32. Rb3 {[%emt 0:01:09]} Rb8 {[%emt 0:02:42]} 33. Rf2 {[%emt 0:02:15]} R8xb3 {[%emt 0:01:23]} 34. axb3 {[%emt 0:00:28]} a2 {[%emt 0:01:31]} 35. Rf1 {[%emt 0:02:19]} Rxc2 {[%emt 0:00:22]} 36. Rd1 {[%emt 0:02:29]} Qc3 {[%emt 0:01:09]} 37. Qxc3 {[%emt 0:00:49]} Rxc3 {[%emt 0:00:05]} 38. Ra1 {[%emt 0:00:05]} Rc2 {[%emt 0:00:16]} 39. h3 {[%emt 0:00:18]} d3 {[%emt 0:00:40]} 0-1

[Event "POL-chT 2 Liga 2019"]
[Site "Poronin"]
[Date "2019.09.07"]
[Round "1.37"]
[White "Nowicki, Bartosz"]
[Black "Oglaza, Oskar"]
[Result "0-1"]
[WhiteElo "2349"]
[BlackElo "2351"]
[Annotator "ChessBase"]
[PlyCount "54"]
[EventDate "2019.09.07"]
[EventType "team-tourn"]
[EventCountry "POL"]
[SourceTitle "playchess.com"]
[Source "ChessBase"]
[SourceQuality "1"]
[TimeControl "40/5400+30:1800+30"]

1. e4 {[%emt 0:01:17]} c5 {[%emt 0:00:00]} 2. Nf3 {[%emt 0:00:05]} d6 {[%emt 0:00:00]} 3. d4 {[%emt 0:00:04]} cxd4 {[%emt 0:00:00]} 4. Nxd4 {[%emt 0:00:03]} Nf6 {[%emt 0:00:00]} 5. Nc3 {[%emt 0:00:04]} a6 {[%emt 0:00:00]} 6. Be3 {[%emt 0:00:04]} e6 {[%emt 0:00:03]} 7. f3 {[%emt 0:00:06]} b5 {[%emt 0:00:08]} 8. Qd2 {[%emt 0:00:05]} b4 {[%emt 0:00:09]} 9. Na4 {[%emt 0:03:55]} Nbd7 {[%emt 0:06:15]} 10. O-O-O {[%emt 0:00:37]} Qa5 {[%emt 0:00:10]} 11. b3 {[%emt 0:00:08]} Bb7 {[%emt 0:00:05]} 12. g4 {[%emt 0:00:51]} Nc5 {[%emt 0:23:14]} 13. a3 {[%emt 0:00:13]} Nxa4 {[%emt 0:00:09]} 14. axb4 {[%emt 0:00:07]} Qc7 {[%emt 0:00:12]} 15. bxa4 {[%emt 0:00:07]} d5 {[%emt 0:00:02]} 16. e5 {[%emt 0:00:53]} Nd7 {[%emt 0:00:19]} 17. f4 {[%emt 0:00:10]} a5 {[%emt 0:00:15]} 18. bxa5 {[%emt 0:20:58]} Ba6 {[%emt 0:22:42]} 19. Nb5 {[%emt 0:07:19]} Bxb5 {[%emt 0:02:30]} 20. axb5 {[%emt 0:03:57]} Ba3+ {[%emt 0:00:05]} 21. Kb1 {[%emt 0:00:05]} O-O {[%emt 0:00:03]} 22. a6 {[%emt 0:09:15]} Rxa6 {[%emt 0:04:33]} 23. Bd4 {[%emt 0:13:35]} Rb8 {[%emt 0:09:24]} 24. c3 {[%emt 0:04:33]} Ra4 {[%emt 0:01:59]} 25. Qc2 {[%emt 0:08:33]} Qa5 {[%emt 0:00:32]} 26. Qb3 {[%emt 0:02:10]} Bc5 {[%emt 0:01:04]} 27. Kc1 {[%emt 0:07:47]} Ra3 {[%emt 0:00:39]} 0-1